000 00657nam a2200205Ia 4500
005 20241005091934.0
008 210716s2011 xx 000 0 und d
020 _a9780070702073
040 _cAIMIT LIBRARY
041 _aeng
082 _a005.1332
_23
_bBALE
100 _aBalagurusamy, E.
_9181468
245 _aProgramming in c#:
_bprimer /
_cBy E Balagurusamy.
250 _a3rd ed.
260 _aNew Delhi :
_bTata McGraw Hill Education Private Limited ;
_c2011.
300 _axvi,508p. ;
_bPB
_c24 cm.
650 _aOperators and expressions
_9181469
650 _aDecision making and branching
_9181470
942 _2ddc
_cBK
_e3rd ed.
_k005.1332 BALE
999 _c192039
_d192039